000
00259nam a22000977a 4500
999
_c
11699
_d
11699
008
200110b ||||| |||| 00| 0 eng d
020
_a
9780375830082
100
_a
Penner Reecht Lucille
_9
7398
245
_a
Unicorns
260
_a
New York
_b
Stepping stone book
_c
2005